| Tag |
First Indicator |
Second Indicator |
Subfields |
| LEADER |
00000cam a2200000 i 4500 |
| 001 |
in00005776345 |
| 005 |
20260327191532.9 |
| 006 |
m o d |
| 007 |
cr cnu---unuuu |
| 008 |
250927s2025 ne o 000 0 eng d |
| 040 |
|
|
|a UKMGB
|b eng
|e rda
|e pn
|c UKMGB
|d OCLCO
|d UKKRT
|d OPELS
|d UKAHL
|d YDX
|
| 015 |
|
|
|a GBC5C2681
|2 bnb
|
| 016 |
7 |
|
|a 300634739
|2 Uk
|
| 019 |
|
|
|a 1559287002
|
| 020 |
|
|
|a 9780443337727
|q electronic book
|
| 020 |
|
|
|a 0443337721
|q electronic book
|
| 020 |
|
|
|z 9780443337710
|
| 024 |
8 |
|
|a CIPO000295791
|
| 035 |
|
|
|a (OCoLC)1547478048
|z (OCoLC)1559287002
|
| 050 |
|
4 |
|a TJ808
|b .R46 2025
|
| 082 |
0 |
4 |
|a 621.042
|2 23/eng/20260129
|
| 049 |
|
|
|a TXAM
|
| 245 |
0 |
0 |
|a Renewable energy technologies /
|c edited by Farooq Sher.
|
| 264 |
|
1 |
|a Amsterdam :
|b Elsevier,
|c 2025.
|
| 300 |
|
|
|a 1 online resource (550 pages)
|
| 336 |
|
|
|a text
|b txt
|2 rdacontent
|
| 337 |
|
|
|a computer
|b c
|2 rdamedia
|
| 338 |
|
|
|a online resource
|b cr
|2 rdacarrier
|
| 532 |
1 |
|
|3 EBSCOhost
|a "EBSCO evaluates our products based on the Web Content Accessibility Guidelines (WCAG) and the related Section 508 and EN 301 549 regulations in the US and EU. Most EBSCO products are substantially conformant with WCAG 2.2 level AA." Source: https://connect.ebsco.com/s/article/EBSCO-VPATs?language=en_US. Last accessed April 22, 2025.
|
| 650 |
|
0 |
|a Renewable energy sources.
|
| 650 |
|
6 |
|a Énergies renouvelables.
|
| 650 |
|
7 |
|a Renewable energy sources
|2 fast
|
| 655 |
|
7 |
|a Electronic books.
|2 local
|
| 700 |
1 |
|
|a Sher, Farooq,
|e editor.
|
| 710 |
2 |
|
|a ScienceDirect (Online service)
|
| 776 |
0 |
8 |
|i Print version :
|z 9780443337710
|
| 856 |
4 |
0 |
|u http://proxy.library.tamu.edu/login?url=https://www.sciencedirect.com/science/book/9780443337710
|z Connect to the full text of this electronic book
|t 0
|
| 955 |
|
|
|a Elsevier ScienceDirect 2026-2027
|
| 994 |
|
|
|a 92
|b TXA
|
| 999 |
f |
f |
|i 38ac39fd-4974-4d71-aaa6-e1ba2ba58177
|s a7a654af-dc64-4585-ba4b-32abe4a64c02
|t 0
|
| 952 |
f |
f |
|a Texas A&M University
|b College Station
|c Electronic Resources
|s www_evans
|d Available Online
|t 0
|e TJ808 .R46 2025
|h Library of Congress classification
|
| 998 |
f |
f |
|a TJ808 .R46 2025
|t 0
|l Available Online
|